000 00433nam a2200181Ia 4500
001 19129
005 20260306171721.0
008 260306s9999||||xx |||||||||||||| ||und||
041 _aESP
082 _a658.8
_bL93
100 _aLovelock, Christopher H.
_eAUT
245 0 _aMercadotecnia de servicios
260 _c1997
300 _axiv, 661 páginas :
_c23 cm.
650 _aGEN
654 _aCAN
942 _cLIB
_dJUS
_fJUS
_2ddc
_n
999 _c19129
_d19129